Statistics for Serie A 5 Year Ranking

Click here to take the quiz!

General Stats

  • This quiz has been taken 26 times
  • The average score is 12 of 27

Answer Stats

PointsTeam% Correct
454Juventus
100%
325Inter
95%
401Napoli
95%
380Roma
95%
304AC Milan
89%
324Lazio
89%
286Fiorentina
79%
283Atalanta
68%
269Torino
63%
220Genoa
53%
251Sampdoria
53%
208Udinese
47%
166Bologna
42%
161Cagliari
37%
193Chievo
32%
242Sassuolo
32%
99Verona
32%
114Palermo
26%
158Empoli
21%
60Parma
21%
80SPAL
16%
38Carpi
11%
69Crotone
11%
56Frosinone
11%
21Benevento
5%
18Pescara
5%
24Cesena
0%

Score Distribution

Percentile by Number Answered

Percent of People with Each Score

Your Score History

You have not taken this quiz